Statistics for First lines of popular songs

Click here to take the quiz!

General Stats

  • This quiz has been taken 50 times
  • The average score is 5 of 16

Answer Stats

Song lyricsSong title% Correct
You were working as a waitress in a cocktail barDon't You Want Me
61%
I hear the drums echoing tonightAfrica
57%
Sometimes I feel like I don't have a partnerUnder The Bridge
54%
Do you have the time to listen to me whine?Basket Case
48%
Hey little sister, what have you done?White Wedding
43%
Load up on guns, bring your friendsSmells Like Teen Spirit
37%
Hi kids, do you like violence?My Name Is
35%
See the stone set in your eyesWith Or Without You
35%
Sometimes I feel I've got to run awayTainted Love
33%
They told him "don't you ever come around here"Beat It
30%
What's with these homies, dissing my girl?Buddy Holly
30%
I wish you would step back from that ledge, my friendJumper
26%
With so much drama in the LBCGin and Juice
17%
Son, she said, have I got a little story for youAlive
13%
End of passion play, crumbling awayMaster of Puppets
13%
See the people walking down the streetWe Got The Beat
2%

Score Distribution

Percentile by Number Answered

Percent of People with Each Score

Your Score History

You have not taken this quiz